000 00899cam a2200289 a 4500
005 20260322212051.0
008 data
010 _a 2002021310
020 _a0375505423
020 _a9780375505423
040 _aDLC
_cDLC
_dCtY
043 _an-us---
050 0 0 _aE840.8.M467 A3 2002
099 _aMCCAIJ
100 1 _aMcCain, John,
_d1936-
245 1 0 _aWorth the fighting for :
_bwhat I learned from mavericks, heroes, and politics /
_cJohn McCain & Mark Salter.
250 _a1st ed.
260 _aNew York :
_bRandom House,
_cc2002.
300 _axxvi, 396 p. ;
_c24 cm.
600 1 0 _aMcCain, John,
_d1936-
610 1 0 _aUnited States.
_bSenate
_bSenate
_vBiography.
650 0 _aLegislators
_zUnited States
_vBiography.
651 0 _aUnited States
_xPolitics and government
_y1981-1989.
651 0 _aUnited States
_xPolitics and government
_y1989-
700 1 _aSalter, Mark.
001 data
999 _c1202
_d1202